Statistics for Name that Movie #1

Click here to take the quiz!

General Stats

  • This quiz has been taken 14 times
  • The average score is 5 of 12

Answer Stats

YearActor/ActressMovie% Correct
2008Heath LedgerThe Dark Knight
79%
2014Chris PrattGuardians of the Galaxy
64%
2016Emma StoneLa La Land
50%
2010Leonardo DiCaprioInception
50%
1994John TravoltaPulp Fiction
43%
2017Daniel KaluuyaGet Out
36%
2016Amy AdamsArrival
36%
2015Daisy RidleyStar Wars: The Force Awakens
29%
2017Ansel ElgortBaby Driver
29%
2017Saoirse RonanLady Bird
29%
2015Tom HardyMad Max: Fury Road
21%
2014Matthew McConaugheyInterstellar
21%

Score Distribution

Percentile by Number Answered

Percent of People with Each Score

Your Score History

You have not taken this quiz